Catálogo

Andanzas del buscón don Pablos y por México y Filipinas : (Registro nro. 59131)

Detalles MARC
000 -LEADER
fixed length control field 00952nam a2200241 i 4500
001 - CONTROL NUMBER
control field 59131
005 - DATE AND TIME OF LATEST TRANSACTION
control field 20210408143020.0
008 - FIXED-LENGTH DATA ELEMENTS--GENERAL INFORMATION
fixed length control field 140415s1998 sp a r 000 0 spa d
020 ## - INTERNATIONAL STANDARD BOOK NUMBER
International Standard Book Number 8431315881
040 ## - CATALOGING SOURCE
Original cataloging agency MX-PuUPA
Language of cataloging spa
Description conventions rda
Transcribing agency Mx-PuUPA
Modifying agency Mx-PuUPA
041 0# - LANGUAGE CODE
Language code of text/sound track or separate title spa
082 0# - DEWEY DECIMAL CLASSIFICATION NUMBER
Classification number 863.4
Item number GAR
100 1# - MAIN ENTRY--PERSONAL NAME
Personal name García Valdés, Celsa Carmen,
Relator term autor
9 (RLIN) 5855
245 10 - TITLE STATEMENT
Title Andanzas del buscón don Pablos y por México y Filipinas :
Remainder of title estudio y edición de la tercera parte de la vida del gran tacaño, de Vicente Alemany /
Statement of responsibility, etc. Celsa Carmen García Valdés.
264 #1 - PRODUCTION, PUBLICATION, DISTRIBUTION, MANUFACTURE, AND COPYRIGHT NOTICE
Place of production, publication, distribution, manufacture Barañáin, Navarra :
Name of producer, publisher, distributor, manufacturer EUNSA,
Date of production, publication, distribution, manufacture, or copyright notice 1998
300 ## - PHYSICAL DESCRIPTION
Extent 158 páginas :
Other physical details ilustraciones ;
Dimensions 24 cm.
336 ## - CONTENT TYPE
Content type term texto
Source rdacontent
337 ## - MEDIA TYPE
Media type term sin mediación
Source rdamedia
338 ## - CARRIER TYPE
Carrier type term volumen
Source rdacarrier
490 0# - SERIES STATEMENT
Series statement Anejos de la Perinola ;
Volume/sequential designation Anejo 2
600 14 - SUBJECT ADDED ENTRY--PERSONAL NAME
Personal name Alemany, Vicente, 1729-1817 Tercera parte de la vida del gran tacaño.
942 ## - ADDED ENTRY ELEMENTS (KOHA)
Classification part 863.4
Item part GAR
Koha item type Libro
Existencias
Withdrawn status Lost status Source of classification or shelving scheme Damaged status Not for loan Collection code Home library Current library Shelving location Date acquired Source of acquisition Inventory number Total Checkouts Full call number Barcode Date last seen Price effective from Koha item type
    Dewey Decimal Classification     General Biblioteca Karol Wojtyla Biblioteca Karol Wojtyla Sala general 29/11/2017 Compra 151000000000000000035164   863.4 GAR 1998 98652 05/01/2026 29/11/2017 Libro